[Event "Open"]
[Site "Stare Mesto CZE"]
[Date "2006.08.16"]
[Round "7"]
[White "Jasny,S"]
[Black "Hrabusa,M"]
[Result "1/2-1/2"]
[WhiteElo "2325"]
[BlackElo "2192"]

1.d4 Nf6 2.c4 g6 3.Nc3 Bg7 4.e4 d6 5.Be2 O-O 6.Nf3 Nbd7 7.O-O e5 8.Re1 exd4
9.Nxd4 Nc5 10.Bf1 Re8  1/2-1/2

[Event "Epetium Open"]
[Site "Stobrec CRO"]
[Date "2006.08.16"]
[Round "4"]
[White "Bratosevic,M"]
[Black "Krnic,I"]
[Result "1-0"]
[WhiteElo "2190"]
[BlackElo "2137"]

1.d4 Nf6 2.c4 g6 3.Nc3 Bg7 4.e4 d6 5.Be2 O-O 6.Nf3 e5 7.O-O Na6 8.Be3 Ng4
9.Bg5 Qe8 10.h3 h6 11.Bh4 exd4 12.Nxd4 Ne5 13.f4 Nc6 14.Ndb5 Bd7 15.Bf3 Rc8
16.Qd2 Be6 17.Nd5 f6 18.Rae1 Qd7 19.f5 gxf5 20.exf5 Bxf5 21.Nxa7 Rce8 22.Nxc6 bxc6
23.Rxe8 Qxe8 24.Re1 Qf7 25.Ne7+ Kh8 26.Nxf5 Qxc4 27.Bf2  1-0

[Event "93rd ch-GBR"]
[Site "Swansea WLS"]
[Date "2006.08.16"]
[Round "10"]
[White "Pert,R"]
[Black "Hebden,M"]
[Result "1/2-1/2"]
[WhiteElo "2445"]
[BlackElo "2532"]

1.d4 Nf6 2.c4 g6 3.Nc3 Bg7 4.e4 d6 5.Nf3 O-O 6.Be2 e5 7.O-O Na6 8.Be3 c6
9.d5 c5 10.Ne1 Ne8 11.Nd3 f5 12.f4 fxe4 13.Nxe4 Bf5 14.Nc3 exf4 15.Nxf4 Qe7
16.Qd2 Nb4 17.Ne6 Bxe6 18.Rxf8+ Kxf8 19.dxe6 Qxe6 20.a3 Nc2 21.Rf1+ Kg8 22.Bxc5 dxc5
23.Qxc2 Bxc3 24.bxc3 Qe3+ 25.Kh1 Rd8 26.Bf3 Nf6 27.Qa4 Qxc3 28.h3 a6 29.Rb1 Rd4
30.Bxb7 Qxc4 31.Qxc4+ Rxc4 32.Rb6 Rc1+ 33.Kh2 Nd7 34.Rxa6 Ne5 35.Re6 Nd3
36.Rd6 Nf4 37.a4 Ra1 38.Rc6 Rxa4 39.Rxc5 h5  1/2-1/2

[Event "Open"]
[Site "Stare Mesto CZE"]
[Date "2006.08.17"]
[Round "8"]
[White "Plsek,M"]
[Black "Valenta,V jr"]
[Result "1/2-1/2"]
[WhiteElo "2122"]
[BlackElo "2194"]

1.d4 Nf6 2.c4 g6 3.Nc3 Bg7 4.e4 d6 5.Be2 O-O 6.Nf3 e5 7.d5 Nbd7 8.Bg5 h6
9.Bh4 g5 10.Bg3 Nh5 11.Qd2 Nf4 12.O-O-O Nxg2 13.Rdg1 Nf4 14.h4 Nxe2+ 15.Qxe2 g4
16.Nh2 h5 17.f3 Nf6 18.Nd1 Kh7 19.Ne3 Bh6 20.Kb1 Rg8 21.Be1 Bxe3 22.Qxe3 Rg6
23.Nf1 Bd7 24.Ng3 gxf3 25.Nf5 Bxf5 26.exf5 Rg4 27.Bd2 Qf8 28.Qxf3 Qg7 29.Bg5 Rxg1+
30.Rxg1 Ng4 31.a3 f6 32.Bd2 Rg8 33.Ka2 Qd7 34.Be1 c5 35.Rg2 b5 36.Rc2 Rb8
37.b3 a5 38.Bd2 a4 39.b4 Rc8 40.Qe4 cxb4 41.axb4 Qa7 42.Bc1 Qb6 43.Ka3 Qg1
44.Qd3 e4 45.Qxe4 Qg3+ 46.Ka2 Qb3+ 47.Ka1 bxc4 48.Qe7+ Kh8 49.Qf7 Qxc2 50.Qxh5+ Kg8
51.Qxg4+ Kf7 52.Qg6+ Ke7 53.Qg7+ Ke8 54.Qg8+ Kd7 55.Qe6+ Kc7 56.Qe7+ Kb8
57.Qxd6+ Rc7 58.Bf4  1/2-1/2

[Event "Open"]
[Site "Stare Mesto CZE"]
[Date "2006.08.17"]
[Round "8"]
[White "Stuchly,R"]
[Black "Rojicek,V"]
[Result "0-1"]
[WhiteElo "2061"]
[BlackElo "2235"]

1.d4 Nf6 2.c4 d6 3.Nc3 Nbd7 4.e4 e5 5.Nf3 g6 6.Be2 Bg7 7.O-O O-O 8.Be3 c6
9.d5 c5 10.Ne1 Ne8 11.Nd3 Nc7 12.Qc2 f5 13.f4 Nb6 14.Nf2 fxe4 15.Nfxe4 Bf5
16.g4 Bc8 17.fxe5 Bxe5 18.Rxf8+ Qxf8 19.Rf1 Qg7 20.b3 Bd7 21.Qd2 Rf8 22.Bf4 Rxf4
23.Rxf4 Qe7 24.g5 Bf5 25.Nf6+ Kg7 26.Nce4 Ne8 27.Rh4 h5 28.Bd3 Nd7 29.Nxe8+ Qxe8
30.Ng3 Bg4 31.Ne4 Bd4+ 32.Kg2 Qf8 33.Nf6 Nxf6 34.gxf6+ Qxf6 35.Rxg4 hxg4
36.Qe2 Qh4 37.Qe4 Qf2+  0-1

[Event "93rd ch-GBR"]
[Site "Swansea WLS"]
[Date "2006.08.17"]
[Round "11"]
[White "Shaw,P"]
[Black "Moyse,N"]
[Result "0-1"]
[WhiteElo "2122"]
[BlackElo "2036"]

1.d4 Nf6 2.c4 g6 3.Nc3 Bg7 4.e4 d6 5.Nf3 O-O 6.Be2 e5 7.Be3 h6 8.d5 Ng4 9.Bc1 f5
10.Nd2 Qh4 11.Bxg4 fxg4 12.O-O a6 13.b4 Nd7 14.Nb3 Nf6 15.g3 Qh3 16.Be3 Bd7
17.Qd3 Nh5 18.Rfd1 Nf6 19.c5 Rf7 20.Na5 b6 21.cxb6 cxb6 22.Bxb6 Nh7 23.Be3 Rf3
24.Qf1 Qh5 25.Rd2 Bf6 26.Rc1 Bg5 27.Bxg5 Nxg5 28.Rdc2 Raf8 29.Nd1 Rxg3+ 30.fxg3 Rxf1+
31.Kxf1 Bb5+ 32.Kg1 Nf3+ 33.Kh1 Bd3 34.Nc3 Bxc2 35.Rxc2 Qh3 36.Rf2 Nxh2 37.Rxh2 Qf1+  0-1

[Event "Independence Cup A"]
[Site "Kyiv UKR"]
[Date "2006.08.18"]
[Round "6"]
[White "Borzov,D"]
[Black "Vovk,Or"]
[Result "0-1"]
[WhiteElo "2201"]
[BlackElo "2296"]

1.d4 Nf6 2.c4 g6 3.Nc3 Bg7 4.e4 d6 5.Nf3 O-O 6.Be2 e5 7.O-O Na6 8.d5 c6 9.Be3 Ng4
10.Bg5 f6 11.Bd2 Nh6 12.a3 c5 13.Ne1 Nf7 14.Nd3 f5 15.b4 b6 16.Rb1 Nc7 17.bxc5 bxc5
18.Qa4 Ne8 19.Rb2 Nf6 20.f3 Bh6 21.Bxh6 Nxh6 22.Qc6 fxe4 23.Qxa8 exd3 24.Bxd3 Qa5
25.Rb8 Qxc3 26.Rxc8 Rxc8 27.Qxc8+ Kg7 28.Be4 Qd4+ 29.Kh1 Qxc4 30.Rb1 Nxe4
31.fxe4 Qxe4 32.Qb7+ Kf6 33.Rf1+ Nf5 34.Qxh7 Qd3 35.Qh8+ Kf7 36.Qh7+ Kf6
37.Qh8+ Ke7 38.Qh7+ Kd8 39.Qg8+ Kc7 40.Re1 c4 41.Qa8 Nd4 42.Qxa7+ Kd8 43.Qa5+ Kd7
44.Qa4+ Ke7 45.Rd1 Qe2 46.Rc1 c3 47.Qd1 Qxd1+ 48.Rxd1 Nb3 49.Kg1 c2 50.Re1 c1=Q
51.Rxc1 Nxc1 52.Kf2 Na2 53.a4 Nb4 54.a5 Nxd5 55.a6 Nc7 56.a7 d5  0-1

[Event "Petrovskaja Ladja S"]
[Site "Peterhof RUS"]
[Date "2006.08.18"]
[Round "7"]
[White "Yevseev,D"]
[Black "Khruschiov,A"]
[Result "1-0"]
[WhiteElo "2572"]
[BlackElo "2415"]

1.Nf3 g6 2.d4 Nf6 3.c4 Bg7 4.Nc3 O-O 5.e4 d6 6.Be2 e5 7.Be3 h6 8.O-O Ng4
9.Bc1 Nd7 10.d5 f5 11.g3 Rf7 12.Nh4 Nf8 13.exf5 gxf5 14.Nxf5 Nxh2 15.Nxg7 Nxf1
16.Nh5 Nxg3 17.fxg3 c6 18.Bxh6 Qb6+ 19.Kh1 Qxb2 20.Ne4 cxd5 21.Rb1 Qxa2 22.Nxd6 Rf2
23.Nxc8 Ne6 24.Rxb7 Rxc8 25.Qxd5 Qa1+ 26.Bd1 Qa6 27.Qe4 Qc6 28.Bf3 Qxe4 29.Bxe4 Rf7
30.Rb5 Kh8 31.Rxe5 Nd4 32.Be3 Nb3 33.Re6 Rfc7 34.Rh6+ Kg8 35.Bd5+ Kf8 36.Bg5  1-0

[Event "Canadian Closed zt"]
[Site "Toronto CAN"]
[Date "2006.08.18"]
[Round "1"]
[White "Southam,D"]
[Black "Fiedler,Br"]
[Result "1/2-1/2"]
[WhiteElo "2099"]
[BlackElo "2226"]

1.d4 Nf6 2.c4 g6 3.Nc3 Bg7 4.e4 d6 5.Nf3 O-O 6.Be2 Nbd7 7.O-O e5 8.Be3 Qe7
9.dxe5 dxe5 10.Ne1 c6 11.Nd3 Re8 12.c5 Nf8 13.b4 Ne6 14.Nb2 Nd4 15.Nc4 Rd8
16.Nd6 Ne8 17.Nxc8 Raxc8 18.Qa4 Nxe2+ 19.Nxe2 a6 20.Rad1 Nc7 21.Qc2  1/2-1/2

[Event "Acropolis Open"]
[Site "Athens GRE"]
[Date "2006.08.19"]
[Round "7"]
[White "Tsanas,A"]
[Black "Hakki,I"]
[Result "1/2-1/2"]
[WhiteElo "2286"]
[BlackElo "2447"]

1.Nf3 Nf6 2.c4 g6 3.Nc3 Bg7 4.e4 d6 5.d4 O-O 6.Be2 e5 7.O-O Na6 8.Be3 Ng4
9.Bg5 Qe8 10.dxe5 dxe5 11.h3 h6 12.Bc1 Nf6 13.Be3 Qe7 14.Nd5 Qd8 15.Nxf6+ Qxf6
16.c5 Nb8 17.b4 Nc6 18.b5 Nd4 19.Bxd4 exd4 20.e5 Qe7 21.Qxd4 Rd8 22.Qe3 Be6  1/2-1/2

[Event "Lichtenberger Sommer"]
[Site "Berlin GER"]
[Date "2006.08.19"]
[Round "1"]
[White "Stern,R"]
[Black "Kunz,A"]
[Result "1-0"]
[WhiteElo "2465"]
[BlackElo "1931"]

1.d4 Nf6 2.c4 g6 3.Nc3 Bg7 4.e4 d6 5.Nf3 O-O 6.Be2 e5 7.O-O Nbd7 8.Re1 a5
9.Bf1 Nh5 10.Be3 Nhf6 11.h3 exd4 12.Nxd4 Re8 13.Bg5 h6 14.Bh4 Nc5 15.f3 Ne6
16.Ndb5 Bd7 17.Qd2 g5 18.Bf2 h5 19.Rad1 h4 20.c5 Bxb5 21.Bxb5 c6 22.Bc4 dxc5
23.Bxe6 Qxd2 24.Rxd2 Rxe6 25.Bxc5 a4 26.Red1 b5 27.Ne2 Nh5 28.Be3 f5 29.Bxg5 fxe4
30.f4 Rf8 31.Rd6 Rxd6 32.Rxd6 Bxb2 33.Rxc6 b4 34.Ra6 Bf6 35.Bxf6 Rxf6 36.Rxa4 Nxf4
37.Nxf4 Rxf4 38.Rxb4 Kg7 39.a4 Kg6 40.a5  1-0

[Event "Independence Cup A"]
[Site "Kyiv UKR"]
[Date "2006.08.19"]
[Round "7"]
[White "Perun,S"]
[Black "Kruppa,Y"]
[Result "1/2-1/2"]
[WhiteElo "2355"]
[BlackElo "2540"]

1.d4 Nf6 2.Nf3 g6 3.c4 Bg7 4.Nc3 O-O 5.e4 d6 6.Be2 Na6 7.O-O e5 8.Re1 Qe8
9.Bf1 Bg4 10.Be3 Bxf3 11.Qxf3 Ng4 12.dxe5 Nxe3 13.Qxe3 Qxe5 14.Qd2 Qa5 15.Rac1 Nc5
16.Qc2 c6 17.f3 Rfe8 18.Red1 Ne6 19.b3 Nd4 20.Qd3 f5 21.Qd2 Rad8 22.Kh1 fxe4
23.Nxe4 Qxd2 24.Rxd2 d5 25.cxd5 cxd5 26.Ng5 Nf5 27.f4 Bd4 28.Rcd1 Bb6 29.Bb5 Re7
30.g3 Ne3 31.Rb1 Rc8 32.Nf3 Rec7 33.h3 Rc2 34.a4 Rxd2 35.Nxd2 Rc2 36.Nf1 d4
37.Nxe3 dxe3 38.Re1 Kf7 39.Re2 Rc1+ 40.Kg2 Ke7 41.Bc4 Bd4 42.Kf3 a5 43.Ke4 Bc5
44.h4 b6 45.Rh2 Kf6 46.g4 Kg7 47.f5 Rg1 48.g5 Rg4+ 49.Kd5 Bd4 50.Ke6 Re4+
51.Kd5 gxf5 52.Bd3 Rf4 53.Bxf5 Rxf5+ 54.Kxd4 Rf2 55.Rh3 e2 56.Re3 Kg6 57.Kd3 Kh5
58.Kd2 Kxh4 59.Re7 Kxg5 60.Rxh7 Rf3 61.Kxe2 Rxb3 62.Kd2 Rb4 63.Rb7 Kf5 64.Kc3 Ke5
65.Rb8 Kd6 66.Rd8+ Ke5 67.Re8+ Kd5 68.Rd8+ Ke5 69.Re8+ Kf5 70.Re1 Kf6 71.Re2 Kf5
72.Re1 Kf4 73.Re6 Kf3 74.Kc2 Kf4 75.Kc3 Kf5 76.Re1  1/2-1/2

[Event "VII Open"]
[Site "Tarragona ESP"]
[Date "2006.08.19"]
[Round "1"]
[White "Flores,Di"]
[Black "Velasquez,Je"]
[Result "1-0"]
[WhiteElo "2514"]
[BlackElo "1959"]

1.c4 Nf6 2.Nc3 g6 3.e4 d6 4.d4 Bg7 5.Nf3 O-O 6.Be2 e5 7.d5 a5 8.Bg5 h6 9.Bh4 Na6
10.Rb1 Qe8 11.Nd2 Bd7 12.b3 Kh8 13.a3 Ng8 14.f3 f5 15.b4 axb4 16.axb4 Nf6
17.Bf2 Rg8 18.c5 Bf8 19.c6 bxc6 20.dxc6 Be6 21.b5 Nc5 22.Bxc5 dxc5 23.Bc4 fxe4
24.fxe4 Rd8 25.Qb3 Bxc4 26.Nxc4 Rd4 27.O-O Nxe4 28.b6 cxb6 29.c7 Nxc3 30.Nxb6 Ne2+
31.Kh1 c4 32.Qe3 Bd6 33.Qxh6+  1-0

[Event "Canadian Closed zt"]
[Site "Toronto CAN"]
[Date "2006.08.19"]
[Round "2"]
[White "Mikanovic,G"]
[Black "Tayar,J"]
[Result "1/2-1/2"]
[WhiteElo "2284"]
[BlackElo "2214"]

1.d4 Nf6 2.c4 g6 3.Nc3 Bg7 4.e4 d6 5.Nf3 O-O 6.Be2 e5 7.Be3 exd4 8.Nxd4 Re8
9.f3 c6 10.Bf2 d5 11.exd5 cxd5 12.O-O Nc6 13.c5 Nh5 14.Qd2 Be5 15.g3 Ng7
16.Rfd1 Ne6 17.Nxe6 Bxe6 18.f4 Bg7 19.Bf3 d4 20.Nb5 Bd5 21.Bxd5 Qxd5 22.Nc7 Qxc5
23.Rac1 Qd6 24.Nxa8 Rxa8 25.Qd3 Rd8 26.a3 h5 27.b4 a6 28.Rc2 Bf6 29.Re1 Qd7
30.Rce2 Kg7 31.Rd1 Qd6  1/2-1/2

[Event "Stukkenjagers Weekend"]
[Site "Tilburg NED"]
[Date "2006.08.20"]
[Round "6"]
[White "Van Ginkel,P"]
[Black "Burg,T"]
[Result "1/2-1/2"]
[WhiteElo "2188"]
[BlackElo "2268"]

1.d4 Nf6 2.c4 g6 3.Nc3 Bg7 4.e4 d6 5.Nf3 O-O 6.Be2 e5 7.Be3 Ng4 8.Bg5 f6
9.Bh4 g5 10.Bg3 Nh6 11.dxe5 dxe5 12.O-O Nf7 13.Nd2 Na6 14.Rb1 c6 15.b4 Qe7
16.c5 Nc7 17.Bc4 Rd8 18.Qe2 Be6 19.Rfd1 Nh8 20.Nf1 Ng6 21.Ne3 Qf7 22.Bxe6 Nxe6
23.Qc4 Bf8 24.Kf1 a5 25.Rxd8 Rxd8 26.a3 Rd4 27.Qb3 axb4 28.axb4 Nef4 29.f3 Nd3
30.Nc2 Rd7 31.Be1 Nxe1 32.Qxf7+ Kxf7 33.Kxe1 Nf4 34.g3 Ne6 35.Rd1  1/2-1/2

[Event "Canadian Closed zt"]
[Site "Toronto CAN"]
[Date "2006.08.20"]
[Round "3"]
[White "Tremblay,R"]
[Black "Predescu,S CAN"]
[Result "1-0"]
[WhiteElo "2139"]
[BlackElo "2222"]

1.d4 Nf6 2.c4 g6 3.Nc3 Bg7 4.e4 d6 5.Be2 O-O 6.Nf3 e5 7.dxe5 dxe5 8.Qxd8 Rxd8
9.Bg5 Nbd7 10.O-O-O Rf8 11.h3 c6 12.Be3 Re8 13.Ne1 b6 14.Nc2 Bf8 15.b4 Bb7
16.Rd2 c5 17.b5 Bg7 18.f3 Nf8 19.Nd5 Ne6 20.Kb2 Nxd5 21.cxd5 Nd4 22.Bxd4 exd4
23.Kb3 Bh6 24.Rdd1 Bxd5+ 25.Bc4 Bb7 26.Ne1 Bf4 27.Nd3 Bg3 28.a4 g5 29.Nc1 Kg7
30.Ne2 Bc7 31.g4 h5 32.gxh5 f5 33.Rhg1 Kf6 34.h4 g4 35.fxg4 fxe4 36.Rgf1+ Ke5
37.Rf5+ Kd6 38.Nxd4 Bd8 39.Nc6+ Kc7 40.Rf7+  1-0

[Event "6th Open"]
[Site "Velika Gorica CRO"]
[Date "2006.08.20"]
[Round "3"]
[White "Malada,V"]
[Black "Saric,Iv"]
[Result "0-1"]
[WhiteElo "2256"]
[BlackElo "2394"]

1.d4 Nf6 2.c4 g6 3.Nc3 Bg7 4.e4 d6 5.Nf3 O-O 6.Be2 e5 7.d5 Na6 8.Nd2 h5 9.h4 Bd7
10.a3 c5 11.Nf3 Nc7 12.b4 b6 13.Ng5 Qc8 14.Bd2 Ng4 15.f3 Nf6 16.Rg1 Nce8
17.b5 a6 18.a4 Nc7 19.Rb1 axb5 20.axb5 Nce8 21.Ra1 Bh6 22.Rxa8 Qxa8 23.g4 Ng7
24.Nh3 Bxd2+ 25.Kxd2 Qa5 26.Nf2 hxg4 27.fxg4 Ra8 28.Qb3 Nh7 29.Bd3 Kh8 30.Bc2 Qa7
31.Ne2 Bc8 32.Nc3 Qe7 33.g5 f6 34.Na4 Rb8 35.Bd1 fxg5 36.hxg5 Bd7 37.Qg3 Rf8
38.Ke1 Qd8 39.Qh4 Kg8 40.Qh6 Qa8 41.Rh1 Qa5+ 42.Kf1 Rxf2+ 43.Kxf2 Qd2+ 44.Be2 Nxg5
45.Qxg6 Bg4 46.Nc3 Qf4+  0-1

[Event "6th Open"]
[Site "Velika Gorica CRO"]
[Date "2006.08.20"]
[Round "3"]
[White "Doric,N"]
[Black "Mihalic,G"]
[Result "1-0"]
[WhiteElo "2310"]
[BlackElo "2086"]

1.Nf3 Nf6 2.c4 g6 3.Nc3 Bg7 4.e4 d6 5.d4 O-O 6.Be2 e5 7.O-O exd4 8.Nxd4 Re8
9.f3 Nc6 10.Be3 Nh5 11.Qd2 Nf4 12.Rfd1 Nxe2+ 13.Ncxe2 Ne5 14.Rac1 Bd7 15.b3 a6
16.Bg5 f6 17.Bh6 Qe7 18.Nc3 Bxh6 19.Qxh6 c6 20.a4 Qd8 21.Kh1 Re7 22.Qf4 Kg7
23.Qg3 Kh8 24.Qf4 Rg7 25.c5 g5 26.Qg3 g4 27.f4 Nf7 28.cxd6 Nxd6 29.e5 c5
30.Nc6 bxc6 31.Rxd6 fxe5 32.fxe5 Qg5 33.Rcd1 Bf5 34.e6 Bc2 35.Re1 Rf8 36.Kg1 c4
37.b4 a5 38.bxa5 Qc5+ 39.Kh1 Qf5 40.Qe3 g3 41.hxg3 Rg5 42.Kg1 Bd3 43.Qd4+ Kg8
44.e7 Re8 45.Rd8 Qf7 46.Qd7 Bg6 47.Rf1  1-0

[Event "Acropolis Open"]
[Site "Athens GRE"]
[Date "2006.08.21"]
[Round "9"]
[White "Petritaj,Fo"]
[Black "Markidis,K"]
[Result "1/2-1/2"]
[WhiteElo "2210"]
[BlackElo "2370"]

1.d4 Nf6 2.c4 g6 3.Nc3 Bg7 4.e4 d6 5.Nf3 O-O 6.Be2 e5 7.O-O exd4 8.Nxd4 Re8
9.f3 c6 10.Bf4 Nh5 11.Be3 f5 12.Qd2 f4 13.Bf2 Be5 14.Rfd1 Qf6 15.Nb3 b6 16.Bd4 Na6
17.Bxe5 dxe5 18.c5 Bb7 19.Qd6 Rad8 20.Qxf6 Nxf6 21.cxb6 axb6 22.Na4 Nd7 23.Rd6 Kf8
24.Rad1 Ke7 25.a3 Nc7 26.Kf2 Na8 27.Bc4 Nf8 28.Rxd8 Rxd8 29.Rxd8 Kxd8 30.Bf1 Bc8
31.Ke1 Be6 32.Nc1 Nd7 33.Kd2 b5 34.Nc3 Nab6 35.b3 Nc5 36.Kc2 Kc7 37.N3a2 Kd6
38.Nb4 Bf7 39.Kc3 g5 40.Nbd3 Na6 41.Nf2 Na8 42.Ncd3 Be6 43.g3 N8c7 44.g4 h6
45.Be2 c5 46.Nb2 Nb8 47.Nfd3 Nc6 48.b4 cxb4+ 49.axb4 Bc8 50.Nc5 Nd4 51.Bd1 Be6
52.Ncd3 Nc6 53.Nc5 Nd4 54.Ncd3 Nc6 55.Nc5  1/2-1/2

[Event "23rd Open"]
[Site "Collado Villalba ESP"]
[Date "2006.08.21"]
[Round "3"]
[White "Solaesa Navalpotro,L"]
[Black "Portugues,R"]
[Result "1-0"]
[WhiteElo "2334"]
[BlackElo "2200"]

1.d4 g6 2.Nf3 Nf6 3.c4 Bg7 4.Nc3 O-O 5.e4 d6 6.Be2 e5 7.Be3 Ng4 8.Bg5 f6
9.Bc1 Nc6 10.O-O f5 11.d5 Ne7 12.Ng5 Nf6 13.Bf3 f4 14.b4 h6 15.Ne6 Bxe6 16.dxe6 g5
17.Bb2 Ng6 18.Be2 c6 19.Qb3 Qe7 20.c5 dxc5 21.bxc5 Kh7 22.Ba3 Rfd8 23.f3 Rd2
24.Bc4 g4 25.Ne2 Bf8 26.Rad1 Rad8 27.Rxd2 Rxd2 28.Bb4 Rd8 29.a4 Qg7 30.Kh1 Be7
31.g3 a5 32.Bxa5 Ra8 33.Bb4 gxf3 34.Rxf3 Nxe4 35.Qc2 Ng5 36.Rf1 f3 37.Ng1 e4
38.h4 Qe5 39.hxg5 Bxg5 40.Nxf3 exf3 41.Rxf3 h5 42.Bc3  1-0

[Event "4th Staunton Mem"]
[Site "London/Crowthorne ENG"]
[Date "2006.08.21"]
[Round "7"]
[White "Werle,J"]
[Black "Visser,Y"]
[Result "1-0"]
[WhiteElo "2531"]
[BlackElo "2516"]

1.Nf3 Nf6 2.c4 g6 3.Nc3 Bg7 4.e4 d6 5.d4 O-O 6.Be2 Na6 7.O-O e5 8.Be3 h6
9.d5 Ng4 10.Bd2 f5 11.g3 f4 12.Nh4 Qg5 13.Ng2 h5 14.f3 Nxh2 15.Kxh2 fxg3+
16.Kg1 Rf4 17.Qc1 Bh3 18.Rd1 Raf8 19.Bf1 Bxg2 20.Bxg2 Qh4 21.Bxf4 exf4 22.Kf1 Qh2
23.Ne2 Nc5 24.Ng1 Nxe4 25.Qc2 Nf2 26.Qxg6 Ng4 27.Re1 Ne3+ 28.Rxe3 fxe3 29.Qe6+ Kh8
30.Qxe3 Qh4 31.Re1 Bd4 32.Qd3 Bf2 33.Re6  1-0

[Event "3rd Dato Arthur Tan"]
[Site "Kuala Lumpur MAS"]
[Date "2006.08.22"]
[Round "4"]
[White "Ton That Nhu Tung"]
[Black "Wynn Zaw Htun"]
[Result "0-1"]
[WhiteElo "2230"]
[BlackElo "2572"]

1.d4 Nf6 2.c4 g6 3.Nc3 Bg7 4.e4 d6 5.Nf3 O-O 6.Be2 e5 7.Be3 Qe7 8.O-O exd4
9.Bxd4 Re8 10.e5 dxe5 11.Nxe5 c5 12.Nxg6 hxg6 13.Bxf6 Qxf6 14.Bg4 Bxg4 15.Qxg4 Qd4
16.Qf3 Nc6 17.Nb5 Qe5 18.h4 Rad8 19.Rae1 Qxe1  0-1

[Event "Independence Cup A"]
[Site "Kyiv UKR"]
[Date "2006.08.22"]
[Round "10"]
[White "Goncharov,O"]
[Black "Moliboga,V"]
[Result "1-0"]
[WhiteElo "2193"]
[BlackElo "2284"]

1.d4 Nf6 2.c4 g6 3.Nf3 Bg7 4.Nc3 O-O 5.e4 d6 6.Be2 e5 7.Be3 h6 8.O-O Ng4
9.Bc1 exd4 10.Nxd4 Qh4 11.Nf3 Qd8 12.Nd4 Nf6 13.Be3 Nbd7 14.Qd2 Kh7 15.f3 Ne5
16.Rad1 a6 17.Qc2 Bd7 18.Nb3 Qe8 19.c5 dxc5 20.Nxc5 Bc6 21.Rfe1 h5 22.Qc1 Rd8
23.b4 Rxd1 24.Rxd1 Qc8 25.a4 h4 26.b5 axb5 27.axb5 Be8 28.h3 Ned7 29.f4 Nxc5
30.Bxc5 Rh8 31.e5 Ng8 32.Ne4 Bh6 33.Bg4 Qa8 34.Be3 Qa4 35.Nc3 Qb3 36.b6 cxb6
37.Rd6 Bc6 38.Bd1 Qb4 39.Rd4 Qe7 40.Nd5 Bxd5 41.Rxd5 Qb4 42.Bd2 Qe7 43.Bg4 f5
44.Bf3 Bf8 45.Qc8 Kh6 46.Kh2 Bg7 47.Rd7 Qc5 48.Qxb7 Qf2 49.Qd5 Bf8 50.Qd4 Qg3+
51.Kh1 Bc5 52.Qa4 Qf2 53.Qd1 Ne7 54.Bc3 Rc8 55.Rd2 Qg3 56.Rd3 Qf2 57.Rd2 Qg3
58.Re2 b5 59.Be1  1-0

[Event "9th Open"]
[Site "Banyoles ESP"]
[Date "2006.08.23"]
[Round "8"]
[White "Sermier,G"]
[Black "Meera,S"]
[Result "1/2-1/2"]
[WhiteElo "2368"]
[BlackElo "2138"]

1.d4 Nf6 2.c4 g6 3.Nc3 Bg7 4.e4 d6 5.Nf3 O-O 6.Be2 e5 7.dxe5 dxe5 8.Qxd8 Rxd8
9.Bg5 c6 10.Nxe5 Re8 11.O-O-O Na6 12.Rd6 Nxe4 13.Nxe4 Bxe5 14.Nf6+ Bxf6 15.Bxf6 Nc5
16.Bf3 Bf5 17.Rhd1 Be4 18.b4 Bxf3 19.gxf3 Ne6 20.Rd7 b6 21.Rb7 Nf8 22.Be7 Reb8
23.Rc7 Rc8 24.Rb7 Rcb8 25.Rc7  1/2-1/2

[Event "9th Open"]
[Site "Banyoles ESP"]
[Date "2006.08.23"]
[Round "8"]
[White "Hoensch,M"]
[Black "Lillo Ferrer,J"]
[Result "0-1"]
[WhiteElo "2305"]
[BlackElo "2168"]

1.Nf3 Nf6 2.c4 g6 3.Nc3 Bg7 4.e4 d6 5.d4 O-O 6.Be2 Na6 7.O-O e5 8.Be3 Ng4
9.Bg5 Qe8 10.h3 f6 11.Bc1 Nh6 12.Be3 Nf7 13.a3 c6 14.Rc1 Kh8 15.b4 Nc7 16.Qb3 f5
17.dxe5 dxe5 18.b5 Ne6 19.Rcd1 f4 20.Bc1 h5 21.bxc6 bxc6 22.Qb4 Rg8 23.Na4 g5
24.Nh2 g4 25.hxg4 Nd4 26.Rxd4 exd4 27.gxh5 Bh3 28.Bf3 Be5 29.Kh1 Ng5 30.gxh3 Nxf3
31.Nxf3 Qxh5  0-1

[Event "Canadian Closed zt"]
[Site "Toronto CAN"]
[Date "2006.08.23"]
[Round "6"]
[White "Stevens,C CAN"]
[Black "Tremblay,R"]
[Result "1/2-1/2"]
[WhiteElo "2314"]
[BlackElo "2139"]

1.Nf3 Nf6 2.c4 g6 3.Nc3 Bg7 4.e4 d6 5.d4 O-O 6.Be2 e5 7.dxe5 dxe5 8.Qxd8 Rxd8
9.Bg5 c6 10.Nd2 Nbd7 11.O-O-O Re8 12.Be3 Bf8 13.Na4 b6 14.f3 Bb7 15.Kc2 Rec8
16.Nb3 c5 17.Nc3 Bc6 18.Rd2 a6 19.g3 Rcb8 20.Kb1 Ra7 21.h4 Nh5 22.Bf2 Ng7
23.Nd5 Ne6 24.h5 Re8 25.Bf1 Bg7 26.Bh3 Rb7 27.hxg6 hxg6 28.Bxe6 fxe6 29.Nc3 Rf8
30.Rd6 Nb8 31.Nd2 Rd7 32.Rxd7 Bxd7 33.Be3  1/2-1/2

[Event "23rd Open"]
[Site "Collado Villalba ESP"]
[Date "2006.08.24"]
[Round "6"]
[White "Valles Moreno,I"]
[Black "Moreno Ruiz,J"]
[Result "1/2-1/2"]
[WhiteElo "2356"]
[BlackElo "2469"]

1.d4 Nf6 2.c4 g6 3.Nc3 Bg7 4.e4 d6 5.Be2 O-O 6.Nf3 e5 7.dxe5 dxe5 8.Qxd8 Rxd8
9.Bg5 Re8 10.Nd5 Nxd5 11.cxd5 c6 12.Bc4 cxd5 13.Bxd5 Nd7 14.Nd2 Nc5 15.O-O-O Ne6
16.Be3 Nf4 17.Bxf4 exf4 18.f3 Be6 19.Bxe6  1/2-1/2

[Event "Canadian Closed zt"]
[Site "Toronto CAN"]
[Date "2006.08.24"]
[Round "7"]
[White "Southam,D"]
[Black "Predescu,S CAN"]
[Result "0-1"]
[WhiteElo "2099"]
[BlackElo "2222"]

1.d4 Nf6 2.c4 g6 3.Nc3 Bg7 4.e4 d6 5.Nf3 O-O 6.Be2 e5 7.O-O Na6 8.Be3 Ng4
9.Bg5 Qe8 10.dxe5 dxe5 11.h3 h6 12.Bc1 Nf6 13.Be3 Qe7 14.a3 c6 15.b4 Nh5
16.Re1 Nf4 17.Bf1 Qf6 18.Bxf4 Qxf4 19.c5 Nc7 20.g3 Qf6 21.Bg2 a5 22.Qe2 axb4
23.axb4 Rxa1 24.Rxa1 Na6 25.Rb1 Rd8 26.Na4 Qe7 27.Nb6 Be6 28.Nc4 Nxb4 29.Na5 Ra8
30.Rxb4 Rxa5 31.Qb2 Bc8 32.Nd2 Qxc5 33.Nc4 Ra7 34.Nb6 Be6 35.Na4 Qa5 36.Nc3 b5  0-1

[Event "6th Open"]
[Site "Velika Gorica CRO"]
[Date "2006.08.24"]
[Round "7"]
[White "Jukic,Ze"]
[Black "Ljubicic,F"]
[Result "0-1"]
[WhiteElo "2246"]
[BlackElo "2417"]

1.Nf3 Nf6 2.c4 g6 3.Nc3 Bg7 4.e4 d6 5.d4 O-O 6.Be2 e5 7.Be3 Na6 8.O-O Ng4
9.Bg5 f6 10.Bc1 exd4 11.Nxd4 f5 12.h3 Ne5 13.exf5 gxf5 14.f4 Ng6 15.g3 Re8
16.Bf3 c6 17.Kg2 Nc5 18.Rb1 a5 19.b3 Qf6 20.Nde2 Bd7 21.Bb2 Qf8 22.Qd2 Rad8
23.Rbd1 Bc8 24.Rfe1 Bf6 25.Nb1 a4 26.Bxf6 Qxf6 27.Qc2 axb3 28.axb3 Qg7 29.Kh2 Re3
30.b4 Na6 31.b5 Nb4 32.Qd2 Rxf3 33.Qxb4 Nxf4 34.Nbc3 Rf2+ 35.Kh1 Nxh3 36.Rxd6 Re8
37.c5 Ng5 38.Qc4+ Be6  0-1

[Event "Canadian Closed zt"]
[Site "Toronto CAN"]
[Date "2006.08.25"]
[Round "8"]
[White "Hamilton,R"]
[Black "Tayar,J"]
[Result "0-1"]
[WhiteElo "2333"]
[BlackElo "2214"]

1.d4 Nf6 2.c4 g6 3.Nc3 Bg7 4.e4 d6 5.Nf3 O-O 6.Be2 e5 7.Be3 Ng4 8.Bg5 f6
9.Bh4 Nc6 10.d5 Ne7 11.Nd2 Nh6 12.f3 g5 13.Bf2 f5 14.c5 Ng6 15.cxd6 cxd6
16.O-O Nf4 17.Nc4 g4 18.fxg4 Nxe2+ 19.Qxe2 Nxg4 20.exf5 Bxf5 21.Bg3 Qd7 22.a4 Nh6
23.Qd2 Bg6 24.Nb5 Rxf1+ 25.Rxf1 Nf5 26.Bf2 b6 27.h3 Rf8 28.b3 h5 29.Re1 Kh7
30.Qe2 a6 31.Nc3 b5 32.axb5 axb5 33.Nd2 Nd4 34.Bxd4 exd4 35.Nce4 Bh6 36.Kh1 Be3
37.Rf1 Qe7 38.Rxf8 Qxf8 39.Qxb5 Qf4 40.Qd7+ Kh6 41.Qe6 Bxd2 42.Nxd2 Qxd2
43.Qxd6 Qe1+ 44.Kh2 d3 45.Qf4+ Kh7 46.Qc7+ Kh6 47.Qf4+ Kg7 48.d6 d2 49.Qd4+ Kh7
50.d7 d1=Q 51.d8=Q Qh1+ 52.Kg3 Qxb3+ 53.Kh4 Qe1+ 54.Kg5 Qeg3+ 55.Kf6 Qf7+  0-1

[Event "Lichtenberger Sommer"]
[Site "Berlin GER"]
[Date "2006.08.26"]
[Round "8"]
[White "Kievelitz,B"]
[Black "Sawatzki,J"]
[Result "1/2-1/2"]
[WhiteElo "2118"]
[BlackElo "2260"]

1.Nf3 Nf6 2.c4 g6 3.Nc3 Bg7 4.e4 d6 5.d4 O-O 6.Be2 e5 7.Be3 Nc6 8.d5 Ne7
9.Nd2 Ne8 10.b4 f5 11.f3 Rf7 12.c5 f4 13.Bf2 g5 14.h3 Bf8 15.Nc4 Ng6 16.Qb3 Nf6
17.cxd6 Bxd6 18.Nb5 a6 19.Nbxd6 cxd6 20.Nb6 Rb8 21.a4 h5 22.a5 g4 23.hxg4 hxg4
24.fxg4 Bxg4 25.Bf3 Bd7 26.Nxd7 Qxd7 27.Rc1 Rc8 28.Kd2 Ng4 29.Bb6 Rxc1 30.Rxc1 Ne3
31.Bxe3 fxe3+ 32.Kxe3 Qd8 33.Kd2 Nf4 34.Qc3 Qg5 35.Qc8+ Kg7 36.Qg4 Qxg4 37.Bxg4 Nxg2
38.Rg1 Rf2+ 39.Kc3 Kf6 40.Bc8 Nf4 41.Re1 Rf3+ 42.Kc4 Ng2 43.Re2 Ne3+ 44.Rxe3 Rxe3
45.Bxb7 Rxe4+ 46.Kc3 Ke7 47.Bxa6 Kd8 48.Bb7 Kc7 49.Bc6 Re1 50.a6 Kb6 51.b5 Rc1+  1/2-1/2

[Event "6th Open"]
[Site "Velika Gorica CRO"]
[Date "2006.08.26"]
[Round "9"]
[White "Stefan,K"]
[Black "Ljubicic,F"]
[Result "1/2-1/2"]
[WhiteElo "2223"]
[BlackElo "2417"]

1.d4 Nf6 2.Nf3 g6 3.c4 Bg7 4.Nc3 d6 5.e4 O-O 6.Be2 e5 7.O-O Na6 8.Bg5 h6
9.Be3 Ng4 10.Bc1 Qe8 11.h3 exd4 12.Nxd4 Nf6 13.Bf3 Nd7 14.Re1 Ne5 15.Be2 Be6
16.b3 Nc5 17.Bb2 a5 18.Bf1 a4 19.Rb1 axb3 20.axb3 g5 21.Nd5 Qd8 22.b4 Na4
23.Ba1 Nb6 24.Qb3 Nxd5 25.cxd5 Bd7 26.b5 b6 27.Bb2 h5 28.Rbc1 Ra7 29.Ra1 Rxa1
30.Rxa1 g4 31.Ra7 Qg5 32.Qe3 Qg6 33.h4 Bh6 34.Qe1 g3 35.fxg3 Ng4 36.Nc2 Rc8
37.Qc3 f6 38.Qe1 Re8 39.Bd3 Bf5 40.Ra4 Re7 41.Qe2 Qe8 42.Qf3 Bd7 43.Qf1 Rg7
44.Ra3 Rf7 45.Qa1 Kg7 46.Ra8 Qe7 47.Qe1 Ne5 48.Be2 Rf8 49.Rxf8 Kxf8 50.Kh1 Qf7
51.Kh2 Qg6 52.Bf1 Ng4+ 53.Kg1 Qe8 54.Qe2 Kg8 55.Qd3 Qe7 56.Qe2 Be8 57.Qf3 Bg6
58.Bd3 Kf7 59.Kh1 Bxe4 60.Bxe4 Qxe4 61.Qxe4 Nf2+ 62.Kh2 Nxe4 63.Nd4 Be3 64.Ne6 Bf2
65.Nxc7 Bxg3+ 66.Kh3 Bf4 67.Bd4  1/2-1/2